000 01005naa a22002897u 4500
001 08400
003 HDC
007 cr bn ---aaaaa
008 210130s2012 flu eng
040 _aHDC
100 _aSpinnler, Henry-Eric,
_eauthor
_98873
245 0 _aFood Flavors: Chemical, Sensory and Technological Properties :
_bFlavors from Amino Acids /
_cby Henry-Eric Spinnler
260 _aBoca Raton :
_bCRC Press/Taylor & Francis Group,
_c2012
300 _a16 pages
336 _atext
_2rdacontent
337 _acomputer
_2rdamedia
338 _aonline resource
_2rdacarrier
500 _aOriginal from book
650 _aFlavor
_95410
650 _aFood
_xAnalysis
_9471
650 _aFood
_xBiotechnology
_96167
650 _aFood
_xComposition
_95417
856 _zRequest full-text at [email protected]
942 _2lcc
942 _cCHAP
942 _kEBCH 004903
999 _c5723
_d5723